000 00669nam a22002177a 4500
003 UA-OsUOA
001 79140
007 ta
008 20111103b un ||||| |||| 00| 0 ukr d
100 _aКовальська Л.А.
090 _a94(477)
_bК56
942 _cSA
040 _aUA-OsUOA
_bukr
_cUA-OsUOA
_dUA-OsUOA
245 _aМетодологічні засади дослідження Руху Опору в Україні в роки Великої Вітчизняної війни
300 _aС.61-65
955 _a0
041 _aukr
080 _a94(477)
773 0 _w79129
650 7 _a9 Географія. Біографії. Історія
_2UDC
999 _c365459
_d365459